Statistiques concernant Pays du pacte de Varsovie

Cliquez ici pour prendre le quiz!

Statistiques générales

  • Ce quiz a été pris 5 643 fois
  • Le résultat moyen est 6 sur 8

Statistiques - réponses

Pays% Correct
Pologne
96%
Hongrie
77%
Roumanie
77%
Union soviétique
74%
Bulgarie
71%
Tchécoslovaquie
61%
Allemagne de l'Est
56%
Albanie
54%

Distribution des résultats

Percentile par nombre de réponses

% des personnes avec chaque résultat

Votre développement - résultats

Vous n’avez pas pris ce quiz